[Event "XXXII Open"]
[Site "Donostia San Sebastian ESP"]
[Date "2009.04.05"]
[Round "2"]
[White "Valenti,G"]
[Black "Herraiz Hidalgo,H"]
[Result "0-1"]
[WhiteElo "2201"]
[BlackElo "2520"]

1.e4 e6 2.d4 d5 3.Nd2 Be7 4.Ngf3 Nf6 5.e5 Nfd7 6.Bd3 c5 7.c3 Nc6 8.O-O a5
9.Re1 a4 10.Nf1 cxd4 11.cxd4 Nb6 12.Ng3 h5 13.a3 Na5 14.Nd2 g6 15.Ne2 Bd7
16.Nc3 Bc6 17.Bc2 Qd7 18.Qf3 Rc8 19.h3 Na8 20.Nf1 b5 21.Ne3 Nb6 22.Ne2 Nbc4
23.Nf4 Bb7 24.Re2 Nc6 25.Nfxd5 Nxd4 26.Nf6+ Kd8 27.Nxd7 Bxf3  0-1

[Event "Congress Premier"]
[Site "Edinburgh SCO"]
[Date "2009.04.05"]
[Round "5"]
[White "Grant,A"]
[Black "Berry,N"]
[Result "1/2-1/2"]
[WhiteElo "2209"]
[BlackElo "2319"]

1.d4 e6 2.e4 d5 3.Nd2 Nc6 4.Ngf3 Nf6 5.e5 Nd7 6.Nb3 a5 7.a4 Be7 8.h4 b6 9.h5 h6
10.Rh3 Ncb8 11.Rg3 Bf8 12.Be3 Ba6 13.Bxa6 Nxa6 14.c3 c5 15.Kf1 Qc7 16.Qe2 c4
17.Nbd2 Qc6 18.Ne1 Nc7 19.f4  1/2-1/2

[Event "TCh-HUN 2008-9"]
[Site "Szombathely HUN"]
[Date "2009.04.05"]
[Round "10"]
[White "Papp,Ga"]
[Black "Vavrak,P"]
[Result "1-0"]
[WhiteElo "2509"]
[BlackElo "2478"]

1.e4 e6 2.d4 d5 3.Nd2 Be7 4.Bd3 c5 5.dxc5 Nf6 6.Qe2 a5 7.Ngf3 O-O 8.O-O Na6
9.e5 Nd7 10.c4 Naxc5 11.Bc2 b6 12.b3 Ba6 13.Bb2 dxc4 14.bxc4 Qc7 15.Rfe1 Nb8
16.Ne4 Nxe4 17.Qxe4 g6 18.Nd4 Bxc4 19.Re3 Bd5 20.Qf4 Bc5 21.Qh6 Bxd4 22.Bxd4 Qxc2
23.Rh3 g5 24.Rg3 Be4 25.Be3 Bg6 26.Bxg5 Qb2 27.Re1 Nd7 28.h4 f6 29.h5 Nxe5
30.Rxe5 fxe5 31.hxg6 Qxf2+ 32.Kh2 Ra7 33.Bf6 Qxf6 34.gxh7+ Kh8 35.Rg8+ Rxg8
36.hxg8=Q+  1-0

[Event "XXXII Open"]
[Site "Donostia San Sebastian ESP"]
[Date "2009.04.06"]
[Round "3"]
[White "Vaibhav,S"]
[Black "Bhat,V"]
[Result "1/2-1/2"]
[WhiteElo "2222"]
[BlackElo "2475"]

1.e4 e6 2.d4 d5 3.Nd2 Nc6 4.Ngf3 Nf6 5.e5 Nd7 6.c3 f6 7.Bb5 fxe5 8.dxe5 a6
9.Bxc6 bxc6 10.O-O Be7 11.Nd4 Nxe5 12.Qh5+ Nf7 13.Nxc6 Qd6 14.Nxe7 Qxe7 15.Re1 e5
16.f4 O-O 17.fxe5 Ng5 18.Qe2 Bb7 19.Nb3 Ne4 20.Be3 Qxe5 21.Nc5 Nxc5 22.Bxc5 Qxe2
23.Rxe2 Rfe8 24.Ree1 Re4  1/2-1/2

[Event "FSFMB April"]
[Site "Budapest HUN"]
[Date "2009.04.07"]
[Round "4"]
[White "Farkas,R"]
[Black "Burgisser,C"]
[Result "1-0"]
[WhiteElo "1709"]
[BlackElo "1741"]

1.e4 e6 2.d4 d5 3.Nd2 Nc6 4.c3 Nf6 5.e5 Nd7 6.Bb5 a6 7.Bd3 Ne7 8.Ngf3 c5
9.O-O Ng6 10.Bxg6 hxg6 11.Nb3 c4 12.Nbd2 f5 13.Re1 g5 14.Nf1 Be7 15.Qd2 Rh5
16.Ng3 Rh6 17.Nxg5 Bxg5 18.Qxg5 Qxg5 19.Bxg5 Rg6 20.h4 Nf8 21.Nh5 Nh7 22.Nf4 Rxg5
23.hxg5 Nxg5 24.b3 cxb3 25.axb3 b5 26.f3 Nf7 27.Ra5 Kd7 28.Nxd5 Kc6 29.Ne7+ Kb6
30.Rea1 Bb7 31.c4 bxc4 32.bxc4 Rd8 33.c5+ Kc7 34.c6 Bxc6 35.Nxc6 Kxc6 36.Rxa6+ Kd5
37.R1a4 Rb8 38.R6a5+ Kc6 39.Rc4+ Kd7 40.Ra7+ Ke8 41.Rcc7 Nd8 42.Rxg7 Kf8
43.Rh7 Kg8 44.Rag7+ Kf8 45.Kh2 Rb4 46.Rd7  1-0

[Event "11th European Senior Team"]
[Site "Velden AUT"]
[Date "2009.04.07"]
[Round "3"]
[White "Badestein,H"]
[Black "Roth,Pe"]
[Result "0-1"]
[WhiteElo "2195"]
[BlackElo "2219"]

1.e4 e6 2.d4 d5 3.Nd2 Nc6 4.Ngf3 Nf6 5.e5 Nd7 6.Nb3 a5 7.a4 Be7 8.Bd3 b6
9.O-O Ncb8 10.c3 Ba6 11.Re1 Bxd3 12.Qxd3 h6 13.c4 Na6 14.Bd2 Ndb8 15.Rec1 dxc4
16.Qxc4 Qd5 17.Qxd5 exd5 18.Rc2 Kd7 19.Rac1 Rc8 20.h3 c6 21.Bf4 Nb4 22.Rd2 N8a6
23.Re1 Nc7 24.Rdd1 Ne6 25.Bc1 b5 26.axb5 cxb5 27.Be3 Rc2 28.Rd2 a4 29.Na1 Rxd2
30.Nxd2 Rc8 31.Kf1 Nc2 32.Rd1 Nexd4 33.Nxc2 Nxc2 34.Ke2 Ke6 35.f4 b4 36.g4 g6
37.Nf3 b3 38.Nd4+ Nxd4+ 39.Bxd4 Rc2+ 40.Rd2 Bb4 41.Rxc2 bxc2 42.Be3 a3  0-1

[Event "XXXII Open"]
[Site "Donostia San Sebastian ESP"]
[Date "2009.04.09"]
[Round "6"]
[White "Berbatov,K"]
[Black "Gavilan Diaz,M"]
[Result "1-0"]
[WhiteElo "2393"]
[BlackElo "2273"]

1.e4 e6 2.d4 d5 3.Nd2 Nc6 4.Ngf3 Nf6 5.e5 Nd7 6.b3 f6 7.Bb2 fxe5 8.dxe5 g6
9.Bb5 Bg7 10.O-O a6 11.Bxc6 bxc6 12.c4 O-O 13.Rc1 Bb7 14.Re1 c5 15.cxd5 Bxd5
16.Rc3 Rf5 17.Nc4 Rf7 18.Rd3 Nb6 19.Qe2 Bh6 20.Nfd2 Rd7 21.Ne3 Bg7 22.Ng4 Bc6
23.Rxd7 Nxd7 24.Ne4 Bxe4 25.Qxe4 Qf8 26.Nf6+ Bxf6 27.exf6 Re8 28.Rd1 Qf7
29.Qc6 Nb6 30.Qxc5 Nd5 31.Qc6 a5 32.Be5 h5 33.Rd4 Rd8 34.g3 Qd7 35.Qxd7 Rxd7
36.Ra4 Kf7 37.Rxa5 Nxf6 38.Ra7 Ne8 39.a4 Rd1+ 40.Kg2 Rb1 41.Rb7 Ke7 42.Bxc7 Kd7
43.Be5+ Kc6 44.Rb8 Nd6 45.Bxd6 Kxd6 46.a5 Kc7 47.Rb6 Ra1 48.b4 Ra4 49.Rxe6 Rxb4
50.Rxg6  1-0

[Event "LV Abierto Mexicano"]
[Site "Toluca MEX"]
[Date "2009.04.09"]
[Round "2"]
[White "Duarte Barahona,R"]
[Black "Cordova,E"]
[Result "0-1"]
[WhiteElo "2207"]
[BlackElo "2543"]

1.e4 e6 2.d4 d5 3.Nd2 Be7 4.Ngf3 c5 5.dxc5 Nf6 6.Bd3 Bxc5 7.Qe2 Nc6 8.O-O O-O
9.a3 a5 10.c4 Re8 11.e5 Nd7 12.Nb3 Ba7 13.Bf4 a4 14.Nbd2 Bb8 15.Bg3 h6 16.Nb1 Ra5
17.Rd1 dxc4 18.Bxc4 Qb6 19.Nc3 Ndxe5 20.Nxe5 Bxe5 21.Bxe5 Rxe5 22.Nxa4 Qa7
23.Qc2 Rg5 24.Nc3 Nd4 25.Qe4 e5 26.Nb5 Nxb5 27.Bxb5 Bf5 28.Qd5 Re6 29.Bd7 Rf6
30.Rd2 Bg6 31.h4 Rh5 32.g3 e4 33.Qd4 Qxd4 34.Rxd4 Rc5 35.Rd2 e3 36.fxe3 Rf3
37.Kh2 Rxe3 38.Rad1 Be4 39.Bh3 Rb5 40.Bg2 Bg6 41.Bd5 Kh7 42.Rf2 f5 43.Ba2 f4
44.g4 h5 45.g5 Bf5 46.Kg1 Rg3+ 47.Kf1 Bh3+ 48.Ke1 Rg1+ 49.Kd2 Rxb2+ 50.Kc3 Rxa2
51.g6+ Kh6 52.Rb1  0-1

[Event "11th European Senior Team"]
[Site "Velden AUT"]
[Date "2009.04.09"]
[Round "5"]
[White "Tatai,S"]
[Black "Wademark,H"]
[Result "1-0"]
[WhiteElo "2351"]
[BlackElo "2102"]

1.e4 e6 2.d4 d5 3.Nd2 a6 4.Ngf3 c5 5.dxc5 Bxc5 6.Bd3 Nc6 7.a3 Nf6 8.O-O O-O
9.e5 Nd7 10.b4 Be7 11.Bb2 Qc7 12.Qe2 b5 13.Nb3 Nb6 14.Nbd4 Nd8 15.Bc1 f6
16.Bf4 f5 17.h4 h6 18.h5 Bd7 19.g3 Nf7 20.Bxf5 exf5 21.e6 Bd6 22.exf7+ Rxf7
23.Bxd6 Qxd6 24.Qe5 Qf6 25.Ne2 Re8 26.Qxf6 Rxf6 27.Nf4 Rc6 28.Nd4 Rc4 29.Rfd1 Kf7
30.f3 Re3 31.Kf2 Re8 32.Rd3 Kf6 33.Re1 Re7 34.Rd2 Be8 35.Kf1 Bf7 36.Nb3 Rc8
37.Nc5 Rce8 38.Rde2 Rxe2 39.Nxe2 Bxh5 40.Nxa6 Rc8 41.Nc5 Bf7 42.Nd4 Be8 43.Re3 Nc4
44.Re6+ Kf7 45.Ra6 g6 46.Ke2 Rc7 47.Ra8 Re7+ 48.Kf2 Re3 49.Nd3 Re7 50.Nf4 Ne3
51.Nfe6 Nc4 52.c3 g5 53.Nd8+ Kf6 54.Ra6+ Ke5 55.N8c6+  1-0

[Event "Open"]
[Site "Las Palmas ESP"]
[Date "2009.04.10"]
[Round "7"]
[White "Capote Robayna,J"]
[Black "Salcedo Izquierdo,R"]
[Result "1-0"]
[WhiteElo "1695"]
[BlackElo "1494"]

1.e4 e6 2.d4 d5 3.Nd2 Nc6 4.Ngf3 dxe4 5.Nxe4 Be7 6.Be2 Nf6 7.Ng3 h6 8.O-O a6
9.Re1 Bd6 10.c3 Bxg3 11.fxg3 b6 12.c4 Bb7 13.d5 exd5 14.cxd5 Ne7 15.b3 Qxd5
16.Qc2 Qc6 17.Bc4 Nd7 18.Qe2 Qd6 19.Bf4 Bxf3 20.Qxf3 Ne5 21.Bxe5 Qc6 22.Qxc6+ Nxc6
23.Bxg7+ Ne7 24.Bxh8 O-O-O 25.Bf6  1-0

[Event "11th European Senior Team"]
[Site "Velden AUT"]
[Date "2009.04.10"]
[Round "6"]
[White "Jansa,Vl"]
[Black "Westerinen,H"]
[Result "0-1"]
[WhiteElo "2480"]
[BlackElo "2344"]

1.e4 e6 2.d4 d5 3.Nd2 Nc6 4.Ngf3 Nf6 5.e5 Nd7 6.Be2 f6 7.exf6 Qxf6 8.Nf1 Bd6
9.Ne3 O-O 10.O-O h6 11.c4 dxc4 12.Bxc4 Nb6 13.Bb3 Bd7 14.Ng4 Qg6 15.h3 Rxf3
16.gxf3 Ne7 17.Kh1 Qh5 18.Kg2 Ng6 19.Rg1 Rf8 20.f4 Nd5 21.Bxd5 Qxd5+ 22.Kh2 Nxf4
23.Ne5 Bxe5 24.dxe5 Nd3 25.f4 Qe4 26.Rg3 Bc6 27.Be3 Nxf4 28.Qd4 Qc2+ 29.Qd2 Qxd2+
30.Bxd2 Ne2 31.Rg2 Bxg2 32.Kxg2 Nf4+ 33.Kg3 Nd3 34.Bc3 c5 35.Rd1 c4 36.b3 Nf4
37.Bb4 Ne2+ 38.Kg2 Nf4+ 39.Kg3 Nh5+ 40.Kg2 Rc8 41.bxc4 Rxc4 42.Rd8+ Kh7 43.Bd6 Kg6
44.a3 Kf5 45.Rd7 Rc2+ 46.Kf3 Rc3+ 47.Ke2 Rb3 48.Kd2 a5 49.h4 g5 50.Kc2 a4
51.hxg5 hxg5 52.Rf7+ Kg6 53.Rf8 g4 54.Rg8+ Kf5 55.Be7 Kf4 56.Rg6 Rb6 57.Kd3 Ng3
58.Bc5 Rb3+ 59.Kc2 Ne4 60.Bd4 Kf5 61.Rg8 g3 62.Rf8+ Kg4 63.Rg8+ Ng5 64.Kd2 g2
65.Ke2 Rb2+ 66.Kd3 Rb1 67.Kc4 g1=Q 68.Bxg1 Rxg1 69.Kb5 Kf5 70.Kxa4 Rb1 71.Ka5 Ne4
72.Rb8 Nc5 73.a4 Kxe5 74.Rxb7 Nxb7+  0-1

[Event "FSFMA April"]
[Site "Budapest HUN"]
[Date "2009.04.11"]
[Round "8"]
[White "Vargyas,Z"]
[Black "Vaarala,E"]
[Result "1/2-1/2"]
[WhiteElo "2146"]
[BlackElo "1959"]

1.e4 e6 2.d4 d5 3.Nd2 Be7 4.Bd3 Nf6 5.e5 Nfd7 6.Qg4 g6 7.Ndf3 c5 8.c3 Nc6
9.Ne2 cxd4 10.cxd4 Qa5+ 11.Bd2 Qa4 12.Qf4 Nb4 13.Bxb4 Qxb4+ 14.Qd2 Nb6 15.b3 Qxd2+
16.Kxd2 Bd7 17.a4 Bb4+ 18.Ke3 a5 19.Rac1 Ke7 20.Rc7 Rab8 21.Ne1 Bxe1 22.Rxe1 Rhc8
23.Rc5 Ra8 24.g4 Bc6 25.f4 Be8 26.Rec1 Kd8 27.f5 Rxc5 28.dxc5 Nd7 29.Kd4 Rc8
30.Nf4 Ke7 31.f6+ Kd8 32.Bb5 Nb8 33.Rc3 b6 34.cxb6 Rxc3 35.Kxc3 Bxb5 36.axb5 Nd7
37.Kd4 Kc8 38.g5 Nxb6 39.Kc5 Kc7 40.Ne2 Nd7+ 41.Kd4 Kb6 42.Nc3 Nc5 43.Na4+ Nxa4
44.bxa4 Kb7 45.Kc5 Kc7 46.b6+ Kb7 47.Kd6 d4 48.Ke7 d3 49.Kxf7 d2 50.Kg8 d1=Q
51.f7 Qxa4 52.f8=Q Qd7 53.Qd6 Qc6 54.Kf7 a4 55.Qb4 Qf3+ 56.Kxe6 Qb3+ 57.Qxb3 axb3
58.Kf7 b2 59.e6 b1=Q 60.e7 Qf1+ 61.Kg7 Qe2 62.Kf8 Qf3+ 63.Kg7 Qe4 64.Kf8 Qf3+
65.Kg7 Qe4  1/2-1/2

[Event "XXXVI Open"]
[Site "La Roda ESP"]
[Date "2009.04.11"]
[Round "6"]
[White "Rizouk,A"]
[Black "Fernandez Barrera,V"]
[Result "1-0"]
[WhiteElo "2505"]
[BlackElo "2318"]

1.e4 e6 2.d4 d5 3.Nd2 Be7 4.Ngf3 c5 5.exd5 exd5 6.dxc5 Bxc5 7.Nb3 Bb6 8.Bb5+ Nc6
9.O-O Ne7 10.Re1 O-O 11.Bg5 f6 12.Be3 Bxe3 13.Rxe3 Bf5 14.Qd2 Be4 15.Nfd4 Qb6
16.a4 Nxd4 17.Nxd4 Nc6 18.Bxc6 bxc6 19.Rb3 Qa6 20.Rc3 Qb7 21.b3 Rfc8 22.Rc5 Rab8
23.Re1 Qb6 24.Qc3 Qb4 25.Qxb4 Rxb4 26.Rxc6 Re8 27.c3 Rbb8 28.f3 Bd3 29.Rxe8+ Rxe8
30.Kf2 Re7 31.g3 Kf7 32.Rd6 Rc7 33.Rxd5 Rxc3 34.Rd7+ Kg6 35.Rxa7 Bb1 36.a5 Rd3
37.Rd7 Rd2+ 38.Ke3 Rxh2 39.a6 Ra2 40.a7 Ra3 41.Kd2 h5 42.Nc6  1-0

[Event "LV Abierto Mexicano"]
[Site "Toluca MEX"]
[Date "2009.04.11"]
[Round "6"]
[White "Alford Phillipe,J"]
[Black "Cordova,E"]
[Result "0-1"]
[WhiteElo "2290"]
[BlackElo "2543"]

1.e4 e6 2.d4 d5 3.Nd2 Nc6 4.c3 e5 5.Ngf3 exd4 6.cxd4 dxe4 7.Nxe4 Bb4+ 8.Nc3 Nf6
9.Be2 h6 10.O-O O-O 11.Qd3 Re8 12.Bf4 Bg4 13.Rfd1 Bd6 14.Bxd6 Qxd6 15.d5 Ne7
16.Nb5 Qb6 17.Nxc7 Qxc7 18.d6 Qb6 19.dxe7 Rxe7 20.b3 Rae8 21.Bf1 Ne4 22.Qd4 Qxd4
23.Rxd4 Bxf3 24.gxf3 Ng5 25.Kg2 Ne6 26.Re4 g5 27.Rae1 Nf4+ 28.Kg1 Rxe4 29.Rxe4 Kf8
30.Ra4 a6 31.Rb4 Re7 32.h4 Kg7 33.hxg5 hxg5 34.Rb6 Rd7 35.Rb4 f5 36.a4 Kf6
37.Kh2 Ke5 38.Kg1 Nd5 39.Rc4 Rc7 40.f4+ gxf4 41.Bg2 b5 42.Rxc7 Nxc7 43.a5 Kd4
44.Bh3 Kc3 45.Bxf5 Kxb3 46.Kg2 Kc3 47.Kf3 b4 48.Kxf4 b3 49.Ke5 Nb5 50.f4 Na3
51.Be4 b2 52.Kd5  0-1

[Event "ch-WLS"]
[Site "Cardiff WLS"]
[Date "2009.04.12"]
[Round "5"]
[White "Rees,I"]
[Black "Spice,A"]
[Result "1-0"]
[WhiteElo "2307"]
[BlackElo "2159"]

1.e4 e6 2.d4 d5 3.Nd2 Nc6 4.Ngf3 Nf6 5.e5 Nd7 6.Bd3 Nb4 7.Be2 c5 8.c3 Nc6
9.O-O cxd4 10.cxd4 Qb6 11.Nb3 a5 12.a4 Nb4 13.Ne1 Be7 14.Nd3 Nxd3 15.Qxd3 Nb8
16.Qg3 g6 17.Bh6 Rg8 18.Bd2 Nc6 19.Qe3 Bd7 20.Rfc1 f6 21.exf6 Bxf6 22.Bb5 Kf7
23.Nc5 Rad8 24.Bxc6 bxc6 25.Re1 Bc8 26.Bc3 Rde8 27.Qd2 Bd8 28.Nd3 Kg7 29.Re3 Bg5
30.f4 Bd8 31.Rae1 Rgf8 32.g3 Kg8 33.h4 h6 34.Nc5 Rf6 35.R1e2 Ba6 36.Rxe6 Rexe6
37.Rxe6 Rxe6 38.Nxe6 Kf7 39.f5 gxf5 40.Qxh6 Bf6 41.Nc5 Bc8 42.Qh7+ Bg7 43.h5 Qc7
44.Qg6+ Kf8 45.h6 Bh8 46.h7 Bg7 47.Kf2 f4 48.Qe6 fxg3+ 49.Kg2 Qd8 50.Qg8+  1-0

[Event "ARCIMPEX Cup"]
[Site "Frydek Mistek CZE"]
[Date "2009.04.12"]
[Round "7"]
[White "Petenyi,T"]
[Black "Wiley,To"]
[Result "1-0"]
[WhiteElo "2293"]
[BlackElo "2303"]

1.e4 e6 2.d4 d5 3.Nd2 Nc6 4.Ngf3 Nf6 5.e5 Nd7 6.Nb3 a5 7.a4 b6 8.Bb5 Na7
9.Be2 c5 10.Bg5 Be7 11.Bxe7 Qxe7 12.O-O O-O 13.Re1 Nc6 14.Bb5 Na7 15.Be2 Nc6
16.Bb5 Na7 17.Bf1 Nc6 18.c3 Ba6 19.Bxa6 Rxa6 20.Qd2 c4 21.Nc1 Rb8 22.Ne2 b5
23.axb5 Rxb5 24.Ng3 Rab6 25.Ra2 Rb8 26.Re2 Nf8 27.h3 Ng6 28.Nh5 h6 29.g3 Nf8
30.Kg2 Nh7 31.Qf4 R8b6 32.h4 Nb8 33.g4 f6 34.exf6 Nxf6 35.Ng3 Nbd7 36.g5 hxg5
37.Nxg5 Nf8 38.Nf3 Qb7 39.Ne5 Rxb2 40.Rexb2 Rxb2 41.Rxb2 Qxb2 42.Nh5 N8h7
43.Nxg7 Kxg7 44.Qg3+ Kf8 45.Ng6+ Ke8 46.Qc7 Qa3 47.Ne5 Qa4 48.Nc6 Qa3 49.Qd8+ Kf7
50.Ne5+ Kg7 51.Qc7+ Kh6 52.Qf7 Nf8 53.Qxf6+ Kh7 54.Qf7+ Kh8 55.h5  1-0

[Event "XXXVI Open"]
[Site "La Roda ESP"]
[Date "2009.04.12"]
[Round "8"]
[White "Rizouk,A"]
[Black "Perez Mitjans,O"]
[Result "1-0"]
[WhiteElo "2505"]
[BlackElo "2438"]

1.e4 e6 2.d4 d5 3.Nd2 Nc6 4.Ngf3 Nf6 5.e5 Nd7 6.Nb3 Be7 7.Bb5 O-O 8.O-O a5
9.a4 Ncb8 10.c3 b6 11.Be3 Ba6 12.Be2 c5 13.Ne1 Qc8 14.f4 f5 15.exf6 Nxf6
16.Nf3 Bd6 17.g3 Bxe2 18.Qxe2 Qa6 19.Rfe1 Qxe2 20.Rxe2 c4 21.Nbd2 h6 22.Bf2 Re8
23.Rae1 Kf7 24.Ne5+ Bxe5 25.fxe5 Ng8 26.Rb1 Nd7 27.b3 cxb3 28.Rxb3 Ne7 29.Nb1 Rec8
30.Na3 Rc6 31.Be1 Kg6 32.Ra2 Nf5 33.Re2 Rf8 34.Kg2 Kh7 35.h3 g5 36.g4 Ne7
37.Rf2 Rxf2+ 38.Bxf2 Rc8 39.Bg3 Kg6 40.Be1 h5 41.Bg3 hxg4 42.hxg4 Kh6 43.Nb5 Rc4
44.Ra3 Nc8 45.Ra1 Kg7 46.Be1 Nf8 47.Bd2 Ng6 48.Kg3 Kh6 49.Rh1+ Kg7 50.Bxg5 Rxa4
51.Bf6+ Kg8 52.Rh6 Nf8 53.g5 Ra1 54.Rh8+ Kf7  1-0

[Event "XXVII Open"]
[Site "Metz FRA"]
[Date "2009.04.12"]
[Round "3"]
[White "Zinchenko,Ya"]
[Black "Bauer,Ch"]
[Result "0-1"]
[WhiteElo "2531"]
[BlackElo "2605"]

1.e4 e6 2.d4 d5 3.Nd2 Nc6 4.Ngf3 Nf6 5.e5 Nd7 6.Be2 Be7 7.Nf1 O-O 8.Ne3 f6
9.exf6 Nxf6 10.O-O Bd6 11.c4 b6 12.b3 Bb7 13.Bb2 Bf4 14.Re1 Ne4 15.Bd3 Nb4
16.Bf1 dxc4 17.bxc4 Nxf2 18.Kxf2 Bxf3 19.gxf3 Qh4+ 20.Ke2 Qxh2+ 21.Ng2 e5
22.Qb3 c5 23.d5 Rad8 24.a3 Nc6 25.Kd1 Bg3 26.Re4 Na5 27.Qe3 Rf5 28.Bc3 Rdf8
29.Ne1 Bxe1 30.Bxe1 Rxf3 31.Qe2 Qg1 32.Qxf3 Rxf3 33.Be2 Rf4 34.Rxf4 exf4
35.Kc2 Qg2 36.Kd3 Qg6+ 37.Kd2 Nb3+  0-1

[Event "ch-WLS"]
[Site "Cardiff WLS"]
[Date "2009.04.13"]
[Round "7"]
[White "Turner,Jos"]
[Black "Spice,A"]
[Result "0-1"]
[WhiteElo "1983"]
[BlackElo "2159"]

1.e4 e6 2.d4 d5 3.Nd2 Nc6 4.Ngf3 Nf6 5.e5 Nd7 6.c3 f6 7.exf6 Qxf6 8.Bb5 Bd6
9.Nf1 a6 10.Bg5 Qf7 11.Be2 e5 12.dxe5 Ncxe5 13.Ne3 c6 14.a3 O-O 15.c4 Nxf3+
16.Bxf3 Ne5 17.cxd5 Nxf3+ 18.gxf3 cxd5 19.Qxd5 Qxd5 20.Nxd5 Bh3 21.Ne3 Rxf3
22.O-O-O Bc5 23.Bh4 b5 24.Rd5 Rc8 25.Kd2 Rf4 26.Bg3 Rd4+ 27.Rxd4 Bxd4 28.Nd5 Rd8
29.Ne7+ Kh8 30.Nc6 Bg2 31.Nxd8 Bxh1 32.Be5 Bxf2 33.Ne6 Kg8 34.Bxg7 Kf7 35.Bd4 Bh4
36.Nc5 a5 37.Ke3 Be7 38.Ne4 Ke6 39.Bb6 a4 40.Bc7 Bxe4 41.Kxe4 Bf6 42.Ba5 Bxb2
43.Bb4 Be5 44.h3 Bd6 45.Bxd6 Kxd6 46.Kd3 Kd5 47.Kc3 Kc5 48.Kd3 b4 49.axb4+ Kxb4
50.Kc2 h5 51.Kb2 h4 52.Ka2 Kc3  0-1

[Event "XV Leonardo di Bona Magistrale"]
[Site "Cutro ITA"]
[Date "2009.04.19"]
[Round "2"]
[White "Nikolova,A"]
[Black "Drasko,M"]
[Result "0-1"]
[WhiteElo "2304"]
[BlackElo "2527"]

1.e4 e6 2.d4 d5 3.Nd2 Be7 4.Ngf3 Nf6 5.e5 Nfd7 6.Bd3 c5 7.c3 b6 8.Ne4 a5
9.Ng3 Ba6 10.Nh5 g6 11.Nf4 Bxd3 12.Qxd3 Qc8 13.h4 Qa6 14.Bd2 Qxd3 15.Nxd3 h5
16.Ke2 Nc6 17.b3 a4 18.b4 cxb4 19.cxb4 b5 20.Rac1 Rc8 21.Bc3 Nb6 22.Nd2 Nc4
23.f4 Bf8 24.g3 Ne7 25.Nc5 Nf5 26.Nxc4 dxc4 27.Ne4 Be7 28.Rcd1 Rd8 29.a3 O-O
30.Rd2 Rd5 31.Rhd1 Rfd8 32.Kf3 Kf8 33.Bb2 Ke8 34.Ba1 R8d7 35.Bb2 Kd8 36.Ba1 Kc8
37.Bb2 Kb7 38.Ba1 Kc6 39.Bb2 Rd8 40.Nf2 f6 41.Nh3 Rf8 42.exf6 Bxf6 43.Ng1 Rfd8
44.Ne2 e5 45.fxe5 Bxe5 46.Bc3 Bc7 47.Re1 Re8 48.Rc2 Rf8 49.Nf4 Nxh4+ 50.gxh4 Rxf4+
51.Ke3 Rxh4 52.Rf2 Rh3+ 53.Kd2 Rh2 54.Re6+ Kd7  0-1

[Event "16th ch-Asian Cities Dubai Cup"]
[Site "Beirut LIB"]
[Date "2009.04.21"]
[Round "7"]
[White "Bakr,J"]
[Black "Alzaim,T"]
[Result "1/2-1/2"]
[WhiteElo "2367"]
[BlackElo "2208"]

1.e4 e6 2.d4 d5 3.Nd2 Be7 4.e5 c5 5.c3 Nc6 6.Ngf3 Qc7 7.Bd3 Bd7 8.a3 f6 9.exf6 Nxf6
10.O-O O-O 11.Qe2 Rae8 12.Re1 Bd6 13.dxc5 Bxc5 14.c4 Ng4 15.Rf1 Nf6 16.Nb3 Bd6
17.Nbd2 Bc5 18.Nb3 Bd6 19.Nbd2  1/2-1/2

[Event "Heroes Day Cup Masters"]
[Site "Bridgetown BAR"]
[Date "2009.04.28"]
[Round "3"]
[White "Denny,K"]
[Black "Moran Nuque,A"]
[Result "1-0"]
[WhiteElo "2354"]
[BlackElo "2393"]

1.e4 e6 2.d4 d5 3.Nd2 Be7 4.Ngf3 Nf6 5.e5 Nfd7 6.Bd3 c5 7.c3 b6 8.a4 cxd4
9.cxd4 Nc6 10.O-O Nb4 11.Bb5 a6 12.Be2 Nb8 13.Nb3 N8c6 14.Be3 O-O 15.Ne1 f6
16.exf6 Bxf6 17.f4 Bd7 18.Nf3 Be8 19.Qd2 Bg6 20.Rfc1 Rc8 21.a5 bxa5 22.Nc5 Qd6
23.Ne5 Bxe5 24.fxe5 Qe7 25.Nxa6 Nxa6 26.Bxa6 Rc7 27.Bg5 Qf7 28.Bb5 Rfc8 29.Rf1 Qe8
30.Rxa5 h6 31.Bh4 Be4 32.Ra3 Qh5 33.Bf2 Ne7 34.Rh3 Qg6 35.Rg3 Qh5 36.Be2 Qe8
37.Bg4 Bf5 38.Bd1 Kh7 39.Rc3 Qg6 40.Rg3 Qe8 41.Rc3 Qg6 42.Bh4 Rxc3 43.bxc3 Nc6
44.Rf3 Ra8 45.h3 Be4 46.Rf2 Ra1 47.Kh2 Na5 48.Bg4 Nc4 49.Qf4 Ra7 50.Be2 Bd3
51.Bg4 Be4 52.Be2 Bd3 53.Bd1 Ra1 54.Bg4 Ra7 55.Qf3 Be4 56.Qe2 Bd3 57.Qf3 Be4
58.Qf4 Rc7 59.Bd8 Rd7 60.Bh4 Rc7 61.Bg3 Ra7 62.h4 h5 63.Be2 Bf5 64.Bxc4 dxc4
65.d5 Bd3 66.d6 Rd7 67.Qf8 Qe4 68.Rf7 Rxf7 69.Qxf7 Be2 70.d7 Qd5 71.Qf2  1-0

[Event "11th Dubai Open"]
[Site "Dubai UAE"]
[Date "2009.04.28"]
[Round "3"]
[White "Adhiban,B"]
[Black "Poghosyan,S"]
[Result "1/2-1/2"]
[WhiteElo "2483"]
[BlackElo "2285"]

1.e4 e6 2.d4 d5 3.Nd2 Be7 4.Ngf3 Nf6 5.e5 Nfd7 6.c4 c5 7.cxd5 exd5 8.Bb5 Nc6
9.O-O O-O 10.Re1 Qb6 11.a4 a6 12.Bxc6 bxc6 13.Nf1 cxd4 14.Nxd4 Bc5 15.a5 Qa7
16.Be3 Bxd4 17.Bxd4 c5 18.Be3 d4 19.Bf4 Re8 20.Ng3 Nf8 21.Ne4 Be6 22.Rc1 Rec8
23.Nd6 Rcb8 24.Qc2 Nd7 25.Bd2 Bb3 26.Qe4 Be6 27.Qc2 Bb3 28.Qe4  1/2-1/2

[Event "84th ch-ARG Semifinal"]
[Site "La Plata ARG"]
[Date "2009.05.01"]
[Round "2"]
[White "Virgillito,C"]
[Black "Iermito,S"]
[Result "0-1"]
[WhiteElo "2200"]
[BlackElo "2431"]

1.e4 e6 2.d4 d5 3.Nd2 Nc6 4.Ngf3 Nf6 5.e5 Nd7 6.Bb5 a6 7.Bxc6 bxc6 8.Nb3 c5
9.Bg5 Be7 10.Bxe7 Qxe7 11.O-O O-O 12.Nxc5 Nxc5 13.dxc5 Qxc5 14.Qd4 Qe7 15.b4 a5
16.Qc5 Qxc5 17.bxc5 a4 18.Nd4 Ra5 19.c6 Rc5 20.Rfb1 Rc4 21.c3 Rxc3 22.Rb4 a3
23.Rb3 Rc4 24.Rd1 f6 25.f4 fxe5 26.fxe5 Rf4 27.Rxa3 Rfxd4 28.Rxd4 Rxd4 29.Ra8 Kf7
30.Rxc8 Kg6 31.Rxc7 Rc4 32.Kf2 Kf5 33.Rxg7 Rxc6 34.Rxh7 Kxe5 35.Ra7 Ke4 36.h4 Rc2+
37.Kg3 d4 38.h5 d3 39.h6 d2 40.Rd7 Ke3 41.a4 e5 42.h7 Rc8 43.a5 Rh8 44.a6 Rxh7
45.Rxh7 d1=Q 46.a7 Qa4 47.Re7 e4 48.Rd7 Qa6 49.Kg4 Qc8 50.Kh5 Kf2 51.Re7 e3  0-1

[Event "IV Tch-ESP Selecciones Autonomicas"]
[Site "Villava ESP"]
[Date "2009.05.01"]
[Round "3"]
[White "Gallego Eraso,F"]
[Black "Fernandez Barrera,V"]
[Result "1/2-1/2"]
[WhiteElo "2365"]
[BlackElo "2318"]

1.e4 e6 2.d4 d5 3.Nd2 Be7 4.Bd3 c5 5.dxc5 Bxc5 6.exd5 exd5 7.Nb3 Bb6 8.Nf3 Nf6
9.Qe2+ Qe7 10.Qxe7+ Kxe7 11.O-O Be6 12.Nfd4 Rd8 13.Re1 Nc6 14.Be3 h6 15.f3 Nd7
16.Rad1 Kf8 17.c3 Nde5 18.Bb5 Nc4 19.Bf2 Nxb2 20.Rb1 Nxd4 21.Nxd4 Nc4 22.Nxe6+ fxe6
23.Rxe6 Na3 24.Rb3 Nc4 25.Rb1 Na3 26.Rb4 Bxf2+ 27.Kxf2 Rac8 28.Be2 Rd7 29.Ra4 Rxc3
30.Re3 Rxe3 31.Kxe3 Re7+ 32.Kf2 Nb1 33.Rxa7 Nc3 34.Bd3 Nd1+ 35.Kg3 Nb2 36.Bg6 Rd7
37.Bf5 Rc7 38.Ra5 d4 39.Rd5 Rc4 40.Rb5 Nd1 41.Rxb7 Ne3 42.Be4 Ra4 43.Bb1 Nf1+
44.Kf2 Nd2 45.g4 Nxb1 46.Rxb1 Rxa2+ 47.Kg3 Rd2 48.Rb7 Rd1 49.Kf4 d3 50.Rd7 d2
51.h4 Ke8 52.Rd6 Rh1 53.Rxd2 Rxh4 54.Kf5 Rh3 55.Rd3 Kf7 56.Rd7+ Kf8  1/2-1/2

[Event "Heroes Day Cup Masters"]
[Site "Bridgetown BAR"]
[Date "2009.05.02"]
[Round "7"]
[White "Zapata,Alo"]
[Black "Uribe,M"]
[Result "1/2-1/2"]
[WhiteElo "2514"]
[BlackElo "2416"]

1.e4 e6 2.d4 d5 3.Nd2 Nc6 4.Ngf3 Nf6 5.e5 Nd7 6.Nb3 a5 7.a4 Be7 8.Bb5 Ncb8
9.O-O b6 10.Be3 O-O 11.Ne1 f6 12.exf6 Nxf6 13.f4 Bd6 14.c3 Ba6 15.Qe2 c6
16.Bxa6 Nxa6 17.Nd3 Ne4 18.Nd2 Nxd2 19.Bxd2 Nc7 20.Rf3 Qd7 21.b3 c5 22.Be3 Qc6
23.Raf1 c4 24.bxc4 Qxc4 25.Qc2 b5 26.Nb2 Qc6 27.Bd2 bxa4 28.Nxa4  1/2-1/2

[Event "Champions League CAA"]
[Site "Buenos Aires ARG"]
[Date "2009.05.02"]
[Round "1"]
[White "Escobar,T"]
[Black "Mela,B"]
[Result "0-1"]
[WhiteElo "2272"]
[BlackElo "2374"]

1.e4 e6 2.d4 d5 3.Nd2 Be7 4.Ngf3 c5 5.exd5 Qxd5 6.Bc4 Qh5 7.O-O Nf6 8.Be2 Qd5
9.Bc4 Qd6 10.dxc5 Qxc5 11.Qe2 O-O 12.Nb3 Qc7 13.Bg5 Nbd7 14.Rad1 Nb6 15.Bd3 Nbd5
16.c3 h6 17.Bc1 Nf4 18.Bxf4 Qxf4 19.Nbd4 Qc7 20.Rfe1 a6 21.Rb1 Rd8 22.Bc2 Bd6
23.Ne5 Bxe5 24.Qxe5 Qxe5 25.Rxe5 b6 26.Re2 Bb7  0-1

[Event "4NCL 2008-9"]
[Site "Staverton ENG"]
[Date "2009.05.02"]
[Round "9"]
[White "Roberts,Dan"]
[Black "Dilleigh,S"]
[Result "1-0"]
[WhiteElo "2067"]
[BlackElo "2148"]

1.e4 e6 2.d4 d5 3.Nd2 a6 4.Ngf3 c5 5.dxc5 Bxc5 6.Bd3 Nc6 7.O-O Nge7 8.c3 O-O
9.Qe2 Ng6 10.Nb3 Bd6 11.exd5 exd5 12.h3 Nce7 13.Nbd4 Qc7 14.Re1 Bd7 15.Qc2 Rfe8
16.Bg5 Nc6 17.Nxc6 Bxc6 18.Nd4 Rxe1+ 19.Rxe1 Re8 20.Rd1 h6 21.Be3 Ne5 22.Be2 Nc4
23.Bc1 Qe7 24.b3 Nb6 25.Be3 Bd7 26.Nf5 Bxf5 27.Qxf5 Bc5 28.Rd3 Qf8 29.Bf3 Bxe3
30.fxe3 Qa3 31.Bh5 Re7 32.Qf2 Qc5 33.Bf3 Qc7 34.Qd2 Qe5 35.Kf2 Rc7 36.Rd4 g6
37.Rb4 Rc6 38.Qd4 Qxd4 39.exd4 Re6 40.a4 a5 41.Rb5 Rd6 42.Rxa5 Kf8 43.Rb5 Ke7
44.a5 Nd7 45.Bxd5 Rf6+ 46.Bf3 Kd8 47.Rxb7 Kc8 48.Rb5 Rd6 49.a6  1-0

[Event "TOP 16 GpB"]
[Site "Chalons en Champagne FRA"]
[Date "2009.05.03"]
[Round "7"]
[White "Roos,J"]
[Black "Leconte,M"]
[Result "1-0"]
[WhiteElo "2273"]
[BlackElo "2334"]

1.e4 e6 2.d4 d5 3.Nd2 Nc6 4.Ngf3 Nf6 5.e5 Nd7 6.Be2 Be7 7.Nf1 O-O 8.Ne3 f6
9.exf6 Nxf6 10.O-O Bd6 11.c4 b6 12.a3 a5 13.Qc2 Bb7 14.Rd1 Ne7 15.c5 Bf4
16.Nf1 Ne4 17.Ng3 bxc5 18.dxc5 Qe8 19.Bd3 Qg6 20.Re1 Bxc1 21.Raxc1 Rf4 22.Ne5 Qg5
23.c6 Ba6 24.Nxe4 dxe4 25.Bxe4 Raf8 26.f3 Rh4 27.Rcd1 Nc8 28.Nd7 Rd8 29.Qc5 Qh6
30.Ne5 Nd6 31.Ng4 Qf4 32.Qe5 Qxe5 33.Nxe5 Rb8 34.Rd2 Nf5 35.f4 g5 36.Bf3 Rh6
37.fxg5 Rh4 38.Bg4 Rxg4 39.Nxg4 Bc4 40.Rc1 Bb3 41.Rc3 Kg7 42.Rd7+  1-0